Development co-operation report 2011

Gespeichert in:
Bibliographische Detailangaben
Format: Buch
Sprache:Englisch
Veröffentlicht: Paris OECD 2011
Ausgabe:50th anniversary ed.
Schlagworte:
Tags: Tag hinzufügen
Keine Tags, Fügen Sie das erste Tag hinzu!

MARC

LEADER 00000nam$a2200000$$$4500
001 0167454
005 20221108071209.3
020 |a 978-92-64-09437-6 
041 0 |a eng 
044 |a FR 
245 1 0 |a Development co-operation report 2011 
250 |a 50th anniversary ed. 
264 1 |a Paris  |b OECD  |c 2011 
300 |a 254 s. 
610 2 0 |a pomoc medzinárodná 
610 2 0 |a pomoc rozvojová 
610 2 0 |a pomoc finančná 
610 2 0 |a rozvoj hospodársky 
610 2 0 |a spolupráca hospodárska medzinárodná 
610 2 0 |a krajiny rozvojové 
610 2 0 |a redukcia chudoby 
610 2 0 |a Afrika 
610 2 0 |a rovnosť rodová 
610 2 0 |a zmeny klimatické